Statistics for Municipalities of Cape Verde on a Map

Click here to take the quiz!

General Stats

  • This quiz has been taken 297 times
  • The average score is 12 of 22

Answers on the Map

Answers color-coded by a green-red scale on the quiz's map according to % correct below.
 

Answer Stats

Municipality% Correct
Praia
94%
Sal
66%
Boa Vista
65%
Porto Novo
62%
São Vicente
61%
Ribeira Grande
60%
Santa Catarina
60%
São Miguel
60%
Brava
57%
Paul
57%
Tarrafal
57%
Maio
55%
Santa Cruz
54%
São Domingos
54%
São Filipe
54%
Ribeira Brava
51%
São Lourenço dos Órgãos
50%
Mosteiros
48%
Santa Catarina do Fogo
48%
São Salvador do Mundo
48%
Tarrafal de São Nicolau
46%
Ribeira Grande de Santiago
44%

Score Distribution

Percentile by Number Answered

Percent of People with Each Score

Your Score History

You have not taken this quiz